00837nam a2200253 i 4500003000900000005001700009007000300026008004100029040003000070041000800100082001700108240002000125245005300145264006100198300002700259336002700286337003400313338002800347590002500375910001500400942001300415952013800428999001700566DO-SdBNP20260119125045.0ta260119b200- dr ||||| |||| 00| 0 spa d aDO-SdBNPbspacBNPHUerda aspa 4axxxbxxx222 aLey, leyes, etc00aReglamento del fondo de pensiones y jubilaciones 1aSanto Domingo :bColegio Dominicano de Notarios,c200-?. a16 páginas ;c22 cm. atextobtxt2rdacontent asin mediación bn2rdamedia avolumenbnc2rdacarrier aInventariado, 206/BT aBtavárez 2ddccLF2 00102ddc51708PD-FaBNPHUbBNPHUcCTd2026-01-19eDonado por Julian Amarol0o BNPHU F-PD p2026-0145r2026-01-19w2026-01-19yLF2 c60127d60127